Partie w polskim sejmie - Statystyki

Ogólne statystyki
  • Ten quiz został rozwiązany 325 razy
  • Średni wynik to 8 z 17
Statystyki odpowiedzi
Liczba posłów Partia % Poprawnych
198 Prawo i Sprawiedliwość
100%
111 Platforma Obywatelska
94%
20 Polskie Stronnictwo Ludowe
75%
11 Konfederacja
73%
19 Wiosna
63%
24 Sojusz Lewicy Demokratycznej
62%
8 Nowoczesna
56%
5 KORWiN
48%
18 Porozumienie
48%
19 Solidarna Polska
44%
6 Lewica Razem
35%
5 Ruch Narodowy
34%
1 Mniejszość Niemiecka
33%
4 Inicjatywa Polska
24%
3 Partia Zieloni
17%
1 Konfederacja Korony Polskiej
16%
1 Unia Europejskich Demokratów
14%
Nie znaleziono quizów pasujących do podanych kryteriów
Rozkład punktacji
Procent ludzi z każdym wynikiem
Percentyl według liczby udzielonych odpowiedzi
Twoja historia wyników
Nie rozwiązałeś tego quizu